000 00917cam a22003133a 4500
001 2846
003 PGUSA
005 20140828083022.0
008 011001s2001||||xxu|||||s|||||000 | eng d
040 _aPGUSA
_beng
042 _adc
050 4 _aDS
050 4 _aCT
100 1 _aJosephus, Flavius,
_d37-
245 1 4 _aThe Life of Flavius Josephus
_h[electronic resource] /
_cFlavius Josephus
260 _bProject Gutenberg,
_c2001
506 _aPublic domain in the USA.
516 _aElectronic text
653 _aJewish historians -- Biography
653 _aAutobiographies
653 _aJews -- Biography
653 _aRome -- History -- Empire, 30 B.C.-284 A.D.
653 _aJews -- History -- Rebellion, 66-73
653 _aJosephus, Flavius
700 1 _aWhiston, William,
_d1667-1752
830 0 _aProject Gutenberg
_v2846
856 4 0 _uhttp://www.gutenberg.org/ebooks/2846
942 _cEB
999 _c232178
_d232178